zpět

Detail výsledku týmu

Dělnický dům, Jihlava

Datum a čas kvízu

38 Celkem bodů Celkový počet nahraných bodů na tomto kvízu bez doplňovacích otázek.
1. Pořadí na kvízu Konečné umístění týmu na tomto kvízu.

Zaznamenané odpovědi

# Otázka Odpověď Body Výsledky
1. Dnešní pohádkový kvíz začneme... Tajemství staré bambitky 1
2. Kam patří myši, soudě dle názv... do nebe 1
3. Které české město je označován... A 1
4. Napište název večerníčkového s... Příběhy včelích medvídků 0
5. Aktuality tradičně zakončíme s... Protože je ráno. 1
1. Po smrti svých rodičů se vydáv... Bajaja 1
2. Jsem paličatý nešika, který zk... Petronel 1
3. Společně se svou matkou a nevl... Dora 0
4. Se svými dobrými kamarády žiju... Melman 1
5. Vydávám se na své putování s j... Jindřich 1